Nanda International (Registro nro. 5490)

Detalles MARC
000 -CABECERA
campo de control de longitud fija 00751nam a2200229Ia 4500
003 - IDENTIFICADOR DEL NÚMERO DE CONTROL
campo de control OSt
005 - FECHA Y HORA DE LA ÚLTIMA TRANSACCIÓN
campo de control 20230328144731.0
008 - DATOS DE LONGITUD FIJA--INFORMACIÓN GENERAL
campo de control de longitud fija 150616s9999 xx 000 0 und d
020 ## - NÚMERO INTERNACIONAL ESTÁNDAR DEL LIBRO
Número Internacional Estándar del Libro 9788413821306
040 ## - FUENTE DE LA CATALOGACIÓN
Centro/agencia transcriptor AR-RoIUNI
040 ## - FUENTE DE LA CATALOGACIÓN
Centro/agencia modificador OCLC
Centro/agencia transcriptor AR-RoIUNI
080 ## - NÚMERO DE LA CLASIFICACIÓN DECIMAL UNIVERSAL
Número de la Clasificación Decimal Universal 614.253 NAN
245 10 - MENCIÓN DE TÍTULO
Título Nanda International
Resto del título diagnósticos enfermeros : definiciones y clasificación 2021-2023
Mención de responsabilidad, etc. editado por T. Heather Herdman ; Shigemi Kamitsuru ; Camila Takáo Lopes
246 12 - FORMA VARIANTE DE TÍTULO
Título propio/Titulo breve Diagnósticos enfermeros :
Resto del título definiciones y clasificación 2021-2023
250 ## - MENCIÓN DE EDICIÓN
Mención de edición 12a. ed.
260 ## - PUBLICACIÓN, DISTRIBUCIÓN, ETC. (PIE DE IMPRENTA)
Lugar de publicación, distribución, etc. Barcelona :
Nombre del editor, distribuidor, etc. Elsevier,
Fecha de publicación, distribución, etc. c2021
300 ## - DESCRIPCIÓN FÍSICA
Extensión 610 p.
Dimensiones 23 cm.
650 10 - PUNTO DE ACCESO ADICIONAL DE MATERIA--TÉRMINO DE MATERIA
Término de materia o nombre geográfico como elemento inicial Enfermería
9 (RLIN) 86
650 10 - PUNTO DE ACCESO ADICIONAL DE MATERIA--TÉRMINO DE MATERIA
Término de materia o nombre geográfico como elemento inicial Diagnóstico
9 (RLIN) 471
700 1# - PUNTO DE ACCESO ADICIONAL--NOMBRE DE PERSONA
Nombre de persona Herdman, T. Heather.
942 ## - ELEMENTOS DE PUNTO DE ACCESO ADICIONAL (KOHA)
Tipo de ítem Koha Libros
Fuente del sistema de clasificación o colocación Clasificación Decimal Universal
Existencias
Estado de retiro Estado de pérdida Fuente del sistema de clasificación o colocación Estado dañado Excepción de préstamo Localización permanente Ubicación/localización actual Ubicación en estantería Fecha de adquisición Fuente de adquisición Número de inventario Total de préstamos Signatura topográfica completa Código de barras Fecha visto por última vez Precio válido a partir de Tipo de ítem Koha Fecha del último préstamo Código de colección
    Clasificación Decimal Universal     BIBLIOTECA RIOBAMBA BIBLIOTECA RIOBAMBA BIBLIOTECA RIOBAMBA 04/10/2022 Compra 7371 2 616-083.1 NAN 7371c 18/11/2022 04/10/2022 Libros 02/11/2022  
    Clasificación Decimal Universal     BIBLIOTECA CENTRAL BIBLIOTECA CENTRAL BIBLIOTECA CENTRAL 24/11/2022 Compra 7418   614.253 NAN 7418 28/03/2023 28/03/2023 Libros   Enfermería
    Clasificación Decimal Universal     BIBLIOTECA ELORTONDO BIBLIOTECA ELORTONDO BIBLIOTECA ELORTONDO 01/08/2022 Compra 7337   614.253 NAN 7337 01/08/2022 01/08/2022 Libros